000 01132nam a2200313 a 4500
001 000011914
005 20200929162621.0
008 091029s1978 ve ad 001 0 spa d
040 _aDO-SdBNP
_bspa
_cBNPHU
041 1 7 _aspa
_hfre
_2Código de idioma MARC
082 _a412
_bC429s
100 1 _aChabrol, Claude
_928180
240 1 0 _aSémiotique narrative et textuelle
_lespañol
245 1 0 _aSemiótica narrativa y textual /
_cClaude Chabrol ... [et. al.].
260 _aCaracas, Venezuela :
_bBiblioteca Central de la Universidad Central de Venezuela,
_c1978.
300 _a247 p. :
_bil., tablas ;
_c22 cm.
490 1 _aArte y Literatura
_v7
534 _pTítulo original en francés:
_tSémiotique narrative et textuelle
_cParís : Librairie Larousse, 1973.
650 4 _aSemiótica
_94668
650 4 _aDiscursos
_96584
700 1 _aAlexandrescu, Sorin
_928181
700 1 _aGreimas, A. J.
_928182
700 1 _aBarthes, Roland
_928183
700 1 _aMaranda, Pierre
_928184
700 1 _aBremond, Claude
_928185
700 1 _aSchmidt, Siegfried J.
_928186
830 0 _aArte y Literatura
_v7
_910210
049 _aBNGR
999 _c11584
_d11584